Vista normal Vista MARC

Entrada Materia (personas)

Número de registros utilizados en: 4

001 - CONTROL NUMBER

  • control field: 63781

003 - CONTROL NUMBER IDENTIFIER

  • control field: Co-BoUCM

005 - DATE AND TIME OF LATEST TRANSACTION

  • control field: 20140814104212.0

008 - FIXED-LENGTH DATA ELEMENTS

  • fixed length control field: 140814|| aca||aabn | a|a d

040 ## - CATALOGING SOURCE

  • Original cataloging agency: Co-BoUCM
  • Transcribing agency: Co-BoUCM

100 ## - HEADING--PERSONAL NAME

  • Personal name: Faguet, Émile,
  • Dates associated with a name: 1847-1916

670 ## - SOURCE DATA FOUND

  • Source citation: Work cat.: (Co-BoUCM): Faguet, Émile, 1847-1916, Initiation littéraire, 1913